| 000 | 00429nam a22001697a 4500 | ||
|---|---|---|---|
| 005 | 20251108170626.0 | ||
| 008 | 250721s1987 xx 000 0 eng d | ||
| 082 | 1 | 4 | _aF/Sam |
| 100 | 1 | _aSawyer, Tom | |
| 245 | 1 | 0 | _aOnly owls and bloody fools fly at night / |
| 250 | _a2nd ed | ||
| 264 | 1 |
_aLondon : _bgood all publications Ltd, _c1987. |
|
| 300 | _a1919p | ||
| 650 | 1 | 7 | _aEnglish Fiction |
| 942 |
_2ddc _cBK |
||
| 999 |
_c45094 _d45094 |
||